00867pab a2200145 454500008004000000100001900040245007200059260000900131300001400140362000800154520049300162650002000655650001200675773003400687180718b2007 xxu||||| |||| 00| 0 eng d aSarkar, Sumita aBeggary in urban India: reflections on destitution and exploitation c2007 ap.531-44. aOct aThe present paper attempts to understand beggary as a growing socio-economic problem and an extreme form of destitution and poverty in urban India. It analyses beggary from a developmental perspective and as an inevitable outcome of exploitation and criminalisation of poor under the vicious force of political economy. The present discourse further explores the possible solutions to deal with beggary under the existing Beggary Laws, the role of NGOs and of Civil Society. - Reproduced. aPoverty - India aPoverty aIndian Journal of Social Work